Leader xxxxxxxxxx
001 __ PCLIS00044655
005 __ 20211207083335.0
010 0_ |a978-986-185-202-7|b卷一 : 平裝|dNT$199
010 0_ |a978-986-185-203-4|b卷二 : 平裝|dNT$220
010 0_ |a978-986-185-215-7|b卷三 : 平裝|dNT$220
010 0_ |a978-986-185-216-4|b卷四 : 平裝|dNT$220
010 0_ |a978-986-185-239-3|b卷五 : 平裝|dNT$220
010 0_ |a978-986-185-240-9|b卷六 : 平裝|dNT$220
100 __ |a20120418d2008 m y0chiy09 e
101 0_ |achi
102 __ |atw
105 __ |ay z 000ay
200 1_ |a青囊尸衣|f魯班尺著
205 __ |a初版
210 __ |a臺北市|c高寶國際出版|c希代多媒體發行|d2008[民97]
215 0_ |a6冊|d21公分
225 2_ |a戲非戲|vDN030-DN035
327 1_ |v1,|a青囊出世|v2,|a重現尸衣|v3,|a天門先山|v4,|a血戰鬼谷|v5,|a祝由祕術|v6,|a郭公葬尺
410 _0 |12001 |a戲非戲|vDN030-DN035
463 _0 |12001 |a青囊出世
463 _0 |12001 |a重現尸衣
463 _0 |12001 |a天門先山
463 _0 |12001 |a血戰鬼谷
463 _0 |12001 |a祝由祕術
463 _0 |12001 |a郭公葬尺
681 __ |a857.7|b8647
700 _0 |a魯班尺|4著
801 _0 |atw|b內湖高中|c20120418|gCCR
|